Score 0/16 Timer 05:00
4 Plays Today
% Correct
Chili dog
95.9%
Calzone
90.3%
Bruschetta
88.7%
Sesame prawn toast
87.8%
Toast Hawaii
87.4%
Bread pudding
86.1%
Summer pudding
82.5%
Fairy bread
82.4%
% Correct
Reuben
81.7%
Dagwood
69.4%
Egg in the basket
65%
Banh mi
58.1%
Roti canai
57.4%
Bunny chow
54.8%
Khachapuri
53.6%
Pan de muerto
50.6%
Remove Ads.
Support Sporcle.
Get the best of Sporcle when you Go Orange. This ad-free experience offers more features, more stats, and more fun while also helping to support Sporcle. Thank you for becoming a member.

You're not logged in!

Compare scores with friends on all Sporcle quizzes.
OR
Log In

Show Comments

Extras

Top Quizzes Today


Score Distribution

Your Account Isn't Verified!

In order to create a playlist on Sporcle, you need to verify the email address you used during registration. Go to your Sporcle Settings to finish the process.

Report this User

Report this user for behavior that violates our Community Guidelines.

Details: